| 000 | 00475nam a2200169Ia 4500 | ||
|---|---|---|---|
| 008 | 210716s2005 xx 000 0 und d | ||
| 020 | _a8178817764 | ||
| 041 | _aeng | ||
| 082 | _a336.294 STHR | ||
| 100 | _aSthanumoorthy, R. | ||
| 245 |
_aVat in a federal system: selected country experiences. _bSelected country experiences. |
||
| 250 | _a1 | ||
| 260 |
_aHyderabad _bICFAI University Press _c2005 |
||
| 300 | _avii,240 | ||
| 650 | _aNone | ||
| 700 | _aSthanumoorthy, R. | ||
| 999 |
_c202436 _d202436 |
||